000 00563cac a22001811u 4500
008 081117t 2003xxu||||| |||| 00| 0 eng d
010 _a 2002114456
020 _a0782141730
035 _a(DLC) 2002114456
082 0 0 _a651.78028557585
_bMCC
_222
100 _aMcCoy, Cate.
_933357
245 1 0 _aMastering Crystal reports 9 /
_cCate McCoy, Gord Maric.
246 3 _aCrystal reports 9
260 _aSan Francisco :
_bSybex,
_c2003.
300 _axxix, 639 p. :
_bill. ;
_c23 cm.
500 _aIncludes index.
942 _cBB
_k651.78028557585MCC
_2ddc
999 _c426
_d426